| 000 | 00409cam a2200157 a 4500 | ||
|---|---|---|---|
| 020 | _a0078817153 | ||
| 040 | _cDLC | ||
| 082 | 0 | 0 | _a005 OSB 1991 A004 Or. |
| 100 | 1 | _aJamsa, Kris, | |
| 245 | 1 | 0 | _aSimply DOS / |
| 260 |
_aBerkeley, Calif., U.S.A. : _bOsborne McGraw-Hill, _cc1991. |
||
| 300 |
_a212 p. : _bill. ; _c23 cm. |
||
| 500 | _aIncludes index. | ||
| 650 | 0 | _aOperating systems (Computers) | |
| 942 | _cEK | ||
| 999 |
_c16394 _d16394 |
||